| 000 | 00335nam a2200121Ia 4500 | ||
|---|---|---|---|
| 008 | 220120s9999||||xx |||||||||||||| ||und|| | ||
| 082 | _a621.384 8 SKO | ||
| 100 | _aSkolnik, Merrill, L | ||
| 245 | 0 | _aRadar systems | |
| 260 |
_aTata mcgraw hill company Ltd _bIBM learning services _c2003 |
||
| 300 | _b0 | ||
| 650 | _aPROGRAMMING LANGUAGE | ||
| 999 |
_c137052 _d137052 |
||